000 00407nam a2200145Ia 4500
005 20250509063644.0
008 240331s9999 xx 000 0 und d
082 _bMAN
_a891
100 _aSanmugadas,A
245 0 _aManyoshu :
_bkatarkatcikal
260 _aColombo
_bColombo Tamil Sangam
_c1992
300 _axviii, 164 p .,
500 _aTranslation of Love parts ( Manyoshu - Japanese Language)
942 _cL
999 _c4726
_d4726